00519nam a2200193Ia 4500008004100000020001800041020001500059082001700074082002000091245005000111245005000161250000600211250002400217260001300241260002600254260000900280700000900289700002700298210417s9999 xx 000 0 und d a9781259251061 b1259251063 a650.0151 JAG b22.650.0151 JAG 0aBusiness Statistics Communication with Number 0cBusiness Statistics Communication with Number a2 b"xxxii .800 ,; pbk" aNew York bMcGraw-Hill Education c2015 aNULL bSanjiv Jagga and Kelly